Johnny's General Knowledge Quiz #6 - Statistics

General Stats
  • This quiz has been taken 35,417 times
    26,215 since last reset
  • The average score is 11 of 20
Answer Stats
Question Answer % Correct
What is a post on Twitter called? Tweet
96%
What type of pizza is topped with ham and pineapple? Hawaiian Pizza
84%
In which trivia board game do players try to collect 6 wedges? Trivial Pursuit
80%
Who is also known as "The Caped Crusader"? Batman
69%
Fill in the blank: "You want the _____? You can't handle the _____" Truth
68%
What country has the most people whose first name is João? Brazil
62%
What is the name of Microsoft's search engine? Bing
61%
What term refers to the amount of time it takes for a radioactive substance to decay by half? Half-life
61%
What is the official language of Namibia? English
54%
In what country was Pope John Paul II born? Poland
54%
What band recorded "Paint It, Black" in 1966? The Rolling Stones
54%
What country's largest city is Lagos? Nigeria
52%
What is the largest city in Latvia? Riga
50%
What movie was based on the exploits of con artist Frank Abagnale? Catch Me if You Can
47%
In the movie "Wedding Crashers", what does Will Ferrell's character crash? Funerals
42%
What company makes the Fit, Element, and Odyssey? Honda
37%
What technology, film, and music festival is abbreviated SXSW? South by Southwest
35%
What is the only doubly landlocked country in Asia? Uzbekistan
30%
Who composed an orchestral piece called "The Planets"? Gustav Holst
21%
Who wrote "A Portrait of the Artist as a Young Man"? James Joyce
17%
No matching quizzes found
Score Distribution
Percent of People with Each Score
Percentile by Number Answered
Your Score History
You have not taken this quiz since the last reset